Statistics for Premier League 21/22 matchweek 9 King of the match

Click here to take the quiz!

General Stats

  • This quiz has been taken 8 times
  • The average score is 7 of 10

Answer Stats

HintAnswer% Correct
West Ham 1-0 TottenhamMichail Antonio
100%
Man United 0-5 LiverpoolMohamed Salah
100%
Arsenal 3-1 Aston VillaEmile Smith-Rowe
88%
Chelsea 7-0 NorwichMason Mount
88%
Brighton 1-4 Man CityPhil Foden
88%
Everton 2-5 WatfordJoshua King
75%
Brentford 1-2 LeicesterYouri Tielemans
63%
Crystal Palace 1-1 NewcastleCallum Wilson
50%
Leeds 1-1 WolvesHee-Chan Hwang
25%
Southampton 2-2 BurnleyTino Livramento
13%

Score Distribution

Percentile by Number Answered

Percent of People with Each Score

Your Score History

You have not taken this quiz